| 000 | 01811nam a2200241Ia 4500 | ||
|---|---|---|---|
| 008 | 260220t1965||||xx |||||||||||||| ||spa|| | ||
| 040 |
_aPY-SlUNAC _bspa _erda |
||
| 041 | _aspa | ||
| 082 |
_a512 _bG589c |
||
| 100 |
_aGonzález, Mario Q. _eAutor |
||
| 245 | 0 |
_aComplementos de algebra / _cpor Mario Q. González [Autor] |
|
| 264 |
_aNueva York : _bMinerva, _c℗1965. |
||
| 300 | _a340 páginas | ||
| 520 | _a"Complementos de álgebra" de Mario Q. González es una obra fundamental que aborda conceptos esenciales del álgebra, orientada a estudiantes y profesionales que buscan consolidar su comprensión en esta área matemática. El autor presenta de manera clara y estructurada temas como ecuaciones, funciones, polinomios y sistemas de ecuaciones, integrando teoría con ejercicios prácticos que facilitan el aprendizaje. A través de ejemplos ilustrativos y aplicaciones reales, González fomenta una comprensión profunda de los principios algebraicos y su relevancia en diversas disciplinas. La obra se distingue por su enfoque pedagógico, que permite al lector avanzar desde nociones básicas hasta problemas más complejos, promoviendo un aprendizaje progresivo. Además, el autor incluye secciones dedicadas a las propiedades de los números reales y complejos, así como a la factorización y las desigualdades. En conjunto, "Complementos de álgebra" se erige como una valiosa herramienta educativa, adecuada tanto para el autoestudio como para la enseñanza en aulas, enriqueciendo el acervo intelectual de quienes la consultan. | ||
| 653 | _aÁlgebra | ||
| 653 | _aEducación matemática | ||
| 653 | _aMatemáticas | ||
| 942 |
_b2026/02/17 _cBK |
||
| 999 |
_c7442 _d7442 |
||